Палолем (Запись № 1788283)

Подробности
000 -МАРКЕР
контрольное поле 01220nam0a2200337 4500
001 - ИДЕНТИФИКАТОР ЗАПИСИ
контрольное поле RU\NLR\bibl\1506060
005 - ИДЕНТИФИКАТОР ВЕРСИИ
контрольное поле 20260405215008.0
010 ## - МЕЖДУНАРОДНЫЙ СТАНДАРТНЫЙ НОМЕР КНИГИ (ISBN)
Номер (ISBN) 978-5-85247-353-0
Тираж 1000
021 ## - НОМЕР ГОСУДАРСТВЕННОЙ РЕГИСТРАЦИИ
Код страны Российская Федерация
Номер 2010-17958
Номер Листа государственной регистраци 1204
035 ## - ДРУГИЕ СИСТЕМНЫЕ НОМЕРА
Идентификатор записи (nilc)RSL-KNO-004596229
035 ## - ДРУГИЕ СИСТЕМНЫЕ НОМЕРА
Идентификатор записи (NLR Aleph) 001497482
100 ## - ДАННЫЕ ОБЩЕЙ ОБРАБОТКИ
Данные общей обработки 20100312d2010 |||y0rusy50 ca
101 0# - ЯЗЫК РЕСУРСА
Язык текста, звукозаписи и т.д. русский
102 ## - СТРАНА ПУБЛИКАЦИИ ИЛИ ПРОИЗВОДСТВА
Страна публикации Российская Федерация
105 ## - ПОЛЕ КОДИРОВАННЫХ ДАННЫХ: ТЕКСТОВЫЕ МАТЕРИАЛЫ, МОНОГРАФИЧЕСКИЕ
Кодированные данные о монографическом текстовом документе a |||||||||
200 1# - ЗАГЛАВИЕ И СВЕДЕНИЯ ОБ ОТВЕТСТВЕННОСТИ
Основное заглавие Палолем
Сведения, относящиеся к заглавию реальные истории из жизни студентки-международницы
Первые сведения об ответственности Лисса Арнольди
210 ## - ПУБЛИКАЦИЯ, РАСПРОСТРАНЕНИЕ И ДР.
Место издания, распространения и т.д. Казань
Имя издателя, распространителя и т. д. [б. и.]
Дата издания, распространения и т.д. 2010
215 ## - ФИЗИЧЕСКАЯ ХАРАКТЕРИСТИКА
Специфическое обозначение материала и объем 303, [1] с., [12] л. цв. ил., портр., фот.
Другие сведения о физической характеристике ил., портр.
Размеры 21
300 ## - ОБЩИЕ ПРИМЕЧАНИЯ
Текст примечания На 3-й с. авт.: Василиса Годочкина-Арнольди
686 ## - ИНДЕКСЫ ДРУГИХ КЛАССИФИКАЦИЙ
Индекс Ш5(2=Р)75-646.43
Код системы
686 ## - ИНДЕКСЫ ДРУГИХ КЛАССИФИКАЦИЙ
Индекс Ш6(2=Р)8-464.3
700 #1 - ИМЯ ЛИЦА - ПЕРВИЧНАЯ ОТВЕТСТВЕННОСТЬ
Код отношения Автор
Материалы, к которым относится поле rus
Графика поля Кириллица
Начальный элемент ввода Годочкина-Арнольди
Часть имени, кроме начального элемента ввода В.
Даты 1989-
Расширение инициалов личного имени Василиса
Идентификатор авторитетной/нормативной записи RU\NLR\auth\7797919
Системный номер авторитетной/нормативной записи 80845
801 #0 - ИСТОЧНИК ЗАПИСИ
Страна Российская Федерация
Организация РГБ
Дата составления 20100312
Правила каталогизации rcr
801 #1 - ИСТОЧНИК ЗАПИСИ
Страна Российская Федерация
Организация РГБ
Дата составления 20100312
801 #2 - ИСТОЧНИК ЗАПИСИ
Страна Российская Федерация
Организация NLR
Дата составления 20100428
Правила каталогизации rcr
942 ## - ДОПОЛНИТЕЛЬНЫЕ ЭЛЕМЕНТЫ ЗАПИСИ (АБИС)
Тип экземпляра АБИС Книга
980 ## - КОЛЛЕКЦИЯ
Название коллекции Национальная библиография
980 ## - КОЛЛЕКЦИЯ
Название коллекции НБР
Экземпляры
Тип экземпляра Дата поступления Источник поступления Библиотека постоянного хранения Библиотека текущего хранения Место хранения Шифр хранения Штрих-код Статус экземпляра
Книга 28.04.2010 Обязательный экземпляр РНБ (Московский) РНБ (Московский) Русский книжный фонд: издания с 1957 года 2010-3/14589 3162299  
Книга 28.04.2010 Обязательный экземпляр РНБ (Московский) РНБ (Московский) Русский книжный фонд: издания с 1957 года 2010-3/14589 3162300